000 00288nam a22001337a 4500
082 _a823
_bSAT/I
100 _aSATHEESAN
245 _aINDIA AT A GLANCE
260 _aTHRISSUR
_bH&C
300 _a48
520 _aENGLISH SHORT STORY
650 _aENGLISH SHORT STORY
_zKERALA
942 _cBK
999 _c5748
_d5748